THIN LAYER CHROMATOGRAPHY ( HAMILTON) (Record no. 280011)

MARC details
000 -LEADER
fixed length control field 00311pam a2200121a 44500
008 - FIXED-LENGTH DATA ELEMENTS--GENERAL INFORMATION
fixed length control field 230405s1987 xxu||||| |||| 00| 0 eng d
041 ## - LANGUAGE CODE
Language code of text/sound track or separate title ENG
100 ## - MAIN ENTRY--PERSONAL NAME
Personal name HAMILTON R
245 ## - TITLE STATEMENT
Title THIN LAYER CHROMATOGRAPHY ( HAMILTON)
260 ## - PUBLICATION, DISTRIBUTION, ETC.
Place of publication, distribution, etc. NEW YORK
Name of publisher, distributor, etc. JOHN WILLY & SONS NEW YORK
Date of publication, distribution, etc. 1987
300 ## - PHYSICAL DESCRIPTION
Extent 129
906 ## - LOCAL DATA ELEMENT F, LDF (RLIN)
a 4740

No items available.